100 Premiers Mots de Harry Potter et les Reliques de la Mort - Statistiques

Statistiques générales
  • Ce quiz a été pris 314 fois
  • Le résultat moyen est 35 sur 100
Statistiques - réponses
Mot % Correct
à
90%
le
90%
Le
90%
la
87%
de
86%
Les
77%
et
76%
et,
76%
– Des
70%
des
70%
se
68%
un
63%
une
59%
sa
55%
ils
54%
par
48%
était
43%
baguette
42%
dans
42%
sur
42%
plus
36%
pas
34%
leur
31%
deux
30%
deux.
30%
grand
30%
sous
30%
hommes
28%
Rogue.
27%
cape
23%
Severus
22%
aux
21%
chemin
21%
l'un
21%
magique
21%
nouvelles ?
20%
Puis,
20%
marcher
19%
demanda
18%
l'autre,
18%
l'autre.
18%
même
17%
part,
17%
lune.
15%
mirent
14%
éclairé
13%
mètres
13%
nulle
13%
quelques
13%
répondit
13%
– Excellentes,
12%
poitrine
12%
direction.
11%
d'un
11%
Pendant
11%
surgirent
11%
chacun
10%
droite,
10%
étroit
10%
furent
10%
gauche
10%
haie
10%
instant,
10%
rangèrent
10%
reconnus,
10%
capes
9%
haute
9%
longues
9%
lorsqu'ils
9%
vif
9%
bordé
8%
immobiles,
8%
parfaitement
8%
pointant
8%
restèrent
8%
taillée.
7%
mûriers
6%
basses
5%
sauvages
5%
soigneusement
5%
tiges
5%
Aucun quiz correspondant
Distribution des résultats
% des personnes avec chaque résultat
Percentile par nombre de réponses
Votre historique - résultats
Vous n’avez pas pris ce quiz